000 00823nam a2200229Ia 4500
001 16966
003 GE_BSU
008 181216s||||||||xx |||||||||||||| ||und||
040 _cGE_BSU
080 _a355.48(47+57)"1941-1945"(092)(479.22)
100 _aგურგენიძე, ამირან
245 _aბრძოლისა და შრომის ვეტერანები
245 _cრედ. შ.ზოიძე
260 _aბათუმი
260 _bსაბჭ. აჭარა
260 _c1973
300 _a135გვ. ; 20სმ.
653 _aბრძოლისა და შრომის ვეტერანები.
653 _aისტორია
653 _aქართველები დიდ სამამულო ომში
942 _cBK
999 _c50028
_d50028